| 000 | 00471nam a22001697a 4500 | ||
|---|---|---|---|
| 003 | SGT | ||
| 020 | _a9188194802815 | ||
| 082 |
_a613.7 _bS21V |
||
| 100 | _aVARAMBALLY, SHIVARAMA,ed. | ||
| 245 | _aTHE SCIENCE AND ART OF YOGA IN MENTAL AND NEUROLOGICAL HEALTHCARE | ||
| 250 | _a1ST | ||
| 260 |
_aNEW DELHI _bJAYPEE BROTHERS PUB. _c2021 |
||
| 300 | _a286 | ||
| 650 | _aYOGA & ART | ||
| 653 | _aYOGA, ART, SCIENCE, NEUROLOGICAL, HEALTH CARE, MENTAL | ||
| 942 |
_2ddc _cBK _05 |
||
| 999 |
_c25805 _d25805 |
||